000 00773cam a2200229 4500
001 2649190
003 ARRUPE
005 20151026154827.0
008 721018t19681953inu b 001 0 eng
010 _a 68027587
040 _aDLC
_cDLC
_dDLC
050 0 0 _aB3583
_b.C28 1968
082 0 0 _a195
100 1 _aCaponigri, A. Robert
_q(Aloysius Robert),
_d1915-
_920549
245 1 0 _aTime and idea:
_bthe theory of history in Giambattista Vico,
_cby A. Robert Caponigri.
260 _aNotre Dame [Ind.]
_bUniversity of Notre Dame Press
_c[1968, c1953]
300 _ax, 225 p.
_c21 cm.
504 _aIncludes bibliographical references.
600 1 0 _aVico, Giambattista,
_d1668-1744.
_914740
906 _a7
_bcbc
_corignew
_d2
_eocip
_f19
_gy-gencatlg
942 _2lcc
_cMONOGRAPH
999 _c123613
_d123613